000 01187nam a2200301 a 4500
001
003 DO-SdBNP
005 20230221103547.0
008 111027s2011 dr 001 0 spa d
020 _a9789945020762
040 _aDO-SdBNP
_bspa
_cBPMSU
082 4 _a972.9304
_bV422m 2011
_222
100 1 _aVega Boyrie, Wenceslao,
_d1932-
245 1 3 _aLa mediación extranjera en las guerras dominicanas de independencia :
_b1849-1856 /
_cWenceslao Vega B.
260 _aSanto Domingo :
_bArchivo General de la Nación,
_c2011.
300 _a189 p. ;
_c23 cm.
490 0 _aArchivo General de la Nación,
_v139
500 _aIncluye datos biográficos del autor en las solapas de la cubierta.
500 _aIncluye referencias bibliográficas y notas al pie de las páginas.
504 _aBibliografía: p. 171-173.
590 _aInventariado, 2022/VM
650 4 _aMediación internacional
_zRepública Dominicana
651 4 _aRepública Dominicana
_xRelaciones Exteriores.
_y1849-1930
651 4 _aRepública Dominicana
_xHistoria,
_y1849-1930
710 2 _aArchivo General de la Nación (República Dominicana)
910 _aVMateo V. Control de calidad
942 _2ddc
_cBK
999 _c13956
_d13956